000 02903cam a2200241 4500500
005 20260222002555.0
041 _afre
042 _adc
100 1 0 _aDeffains, Bruno
_eauthor
245 0 0 _aEffets macroéconomiques de l’I.A. et enjeux de sa régulation : une perspective internationale
260 _c2026.
500 _a91
520 _aL’article analyse les effets macroéconomiques de l’intelligence artificielle et les enjeux liés à sa régulation dans une perspective internationale. Il met en évidence la structuration mondiale de la filière, de la production des semi-conducteurs aux applications sectorielles, en soulignant son rôle stratégique et géopolitique. Sur le plan économique, l’I.A. apparaît comme une technologie à usage général susceptible de stimuler la croissance, la productivité et l’innovation, mais avec des effets contrastés sur l’emploi et les inégalités. L’étude compare les approches de régulation aux États-Unis (orientation pro-innovation, encadrement limité), en Chine (planification étatique et contrôle autoritaire) et en Europe (régulation proactive et valeurs humanistes autour de l’AI Act). Elle montre enfin que l’avenir dépendra autant des choix collectifs en matière de gouvernance, de formation et de coopération internationale que des avancées techniques elles-mêmes, condition pour transformer le potentiel de l’I.A. en une prospérité inclusive et durable.
520 _aThis article analyzes the macroeconomic effects of artificial intelligence and the challenges associated with its regulation from an international perspective. It highlights the global structure of the industry, from semiconductor production to sectorial applications, emphasizing its strategic and geopolitical role. Economically, AI appears to be a general-purpose technology capable of stimulating growth, productivity, and innovation, but with mixed effects on employment and inequality. The study compares the regulatory approaches in the United States (pro-innovation orientation, limited supervision), China (State planning and authoritarian control), and Europe (proactive regulation and humanistic values around the AI Act). Finally, it shows that the future will depend as much on collective choices in terms of governance, training, and international cooperation as on the technical advances themselves, which are a prerequisite for transforming the potential of AI into inclusive and sustainable prosperity.
690 _aChaîne de valeur mondiale
690 _aEmploi
690 _aGuerre économique
690 _aMacroéconomie
690 _aProductivité
690 _aRégulation
786 0 _nArchives de philosophie du droit | 66 | 1 | 2026-01-22 | p. 95-108 | 0066-6564
856 4 1 _uhttps://droit.cairn.info/revue-archives-de-philosophie-du-droit-2026-1-page-95?lang=fr&redirect-ssocas=7080
999 _c1665207
_d1665207